<?xml version="1.0" encoding="UTF-8"?>
<record
    xmlns:xsi="http://www.w3.org/2001/XMLSchema-instance"
    xsi:schemaLocation="http://www.loc.gov/MARC21/slim http://www.loc.gov/standards/marcxml/schema/MARC21slim.xsd"
    xmlns="http://www.loc.gov/MARC21/slim">

  <leader>01410nam a22001937a 4500</leader>
  <controlfield tag="008">121009t        xxu||||| |||| 00| 0 eng d</controlfield>
  <datafield tag="020" ind1=" " ind2=" ">
    <subfield code="a">0072281472 0072346310</subfield>
  </datafield>
  <datafield tag="050" ind1=" " ind2=" ">
    <subfield code="a">HD31.J71</subfield>
  </datafield>
  <datafield tag="100" ind1=" " ind2=" ">
    <subfield code="a">Gareth, Jones R.</subfield>
  </datafield>
  <datafield tag="245" ind1=" " ind2=" ">
    <subfield code="a">Contemporary management. /</subfield>
    <subfield code="c">Gareth R. Jones</subfield>
  </datafield>
  <datafield tag="260" ind1=" " ind2=" ">
    <subfield code="a">Boston:</subfield>
    <subfield code="b">McGraw-Hill,</subfield>
    <subfield code="c">2000.</subfield>
  </datafield>
  <datafield tag="300" ind1=" " ind2=" ">
    <subfield code="a">xxii, 778 p.:</subfield>
    <subfield code="b">ill.;</subfield>
    <subfield code="c">24cm.</subfield>
  </datafield>
  <datafield tag="500" ind1=" " ind2=" ">
    <subfield code="a">Includes index.</subfield>
  </datafield>
  <datafield tag="505" ind1=" " ind2=" ">
    <subfield code="a">Contents: Management: Managers and managing -- The Evolution of management theory -- The Environment of management: The Organizational environment -- The Global environment -- Ethics, social responsibility and diversity -- Managing decision making and planning : The Manager as a decision maker -- The Manager as a planner and strategist -- Managing organizational structure -- Organizational control and culture -- Human resource management -- Managing individuals and groups: The Manager as a person -- Motivation -- Leadership -- Groups and  teams -- Communication -- Organizational conflict, negotiations, politics and change -- Managing essential operations and processes -- Managing information systems and technologies -- Operations management: managing quality efficiency and responsiveness to customers -- The Management of innovation, product development and entrepreneurship.</subfield>
  </datafield>
  <datafield tag="650" ind1=" " ind2=" ">
    <subfield code="a">Management. </subfield>
  </datafield>
  <datafield tag="700" ind1=" " ind2=" ">
    <subfield code="a">George, Jennifer M.</subfield>
  </datafield>
  <datafield tag="700" ind1=" " ind2=" ">
    <subfield code="a">Hill, Charles W.L.</subfield>
  </datafield>
  <datafield tag="942" ind1=" " ind2=" ">
    <subfield code="2">lcc</subfield>
    <subfield code="c">BK</subfield>
  </datafield>
  <datafield tag="999" ind1=" " ind2=" ">
    <subfield code="c">2412</subfield>
    <subfield code="d">9912</subfield>
  </datafield>
  <datafield tag="952" ind1=" " ind2=" ">
    <subfield code="0">0</subfield>
    <subfield code="1">0</subfield>
    <subfield code="2">lcc</subfield>
    <subfield code="4">0</subfield>
    <subfield code="7">0</subfield>
    <subfield code="a">WIUC-1</subfield>
    <subfield code="b">WIUC-1</subfield>
    <subfield code="c">GEN</subfield>
    <subfield code="d">2012-10-09</subfield>
    <subfield code="l">0</subfield>
    <subfield code="o">HD31.J71</subfield>
    <subfield code="p">6100/12</subfield>
    <subfield code="r">2012-10-09 00:00:00</subfield>
    <subfield code="t">1</subfield>
    <subfield code="w">2012-10-09</subfield>
    <subfield code="y">BK</subfield>
  </datafield>
</record>
